« Retourner aux résultats de recherche
Kolkhoze
| Auteur principal: | Emmanuel Carrère |
|---|---|
| Support: | Livres |
| Langue: | Francais |
| Publié: |
2025 POL Paris |
| Genre: |
Roman |
| Sujets: | |
| Étiquettes: |
Ajouter
Pas de Tags !
|
| LEADER | 00618nam0a2200169 450 | ||
|---|---|---|---|
| 001 | 16846902 | ||
| 010 | |a 978-2-8180-6198-5 |b Br. |d 24 | ||
| 100 | |a 20250902d2025 u u0frey01 ba | ||
| 101 | 0 | |a fre | |
| 200 | 0 | |a Kolkhoze |f Emmanuel Carrère | |
| 207 | 1 | |a | |
| 210 | |a Paris |b 26 rue Jacob. |c POL |d 2025 | ||
| 330 | |a Cette nuit-là, rassemblés tous les trois autour de notre mère, nous avons pour la dernière fois fait kolkhoze. | ||
| 700 | 0 | |a Carrère |b Emmanuel |f 1957-.... |4 70 | |
| 900 | |a Roman | ||
| 901 | |a Accessible au prêt | ||
| 995 | |a Bibliothèque |c Bibliothèque |f 024025643 |h 024025643 |k R CAR |o p |q a |r az |e Bibliothèque | ||
